[Event "Asian-ch U10 Rapid"]
[Site "Chiangmai"]
[Date "2018.04.01"]
[Round "1.1"]
[White "Xiao, Tong"]
[Black "Viswak, Sen M"]
[Result "1-0"]
[WhiteElo "2045"]
[BlackElo "1267"]
[PlyCount "125"]
[EventDate "2018.04.01"]
[EventType "swiss (rapid)"]
[EventRounds "7"]
[EventCountry "THA"]
[SourceTitle "EXT 2024"]
[Source "ChessBase"]
[SourceDate "2023.10.10"]
[SourceVersion "1"]
[SourceVersionDate "2023.10.10"]
[SourceQuality "1"]

1. e4 e6 2. d4 d5 3. Nd2 Nf6 4. e5 Nfd7 5. Bd3 c5 6. c3 Nc6 7. Ndf3 cxd4 8. cxd4 Bb4+ 9. Bd2 Bxd2+ 10. Qxd2 h6 11. h4 a6 12. Rc1 Qe7 13. Ne2 Qb4 14. h5 Qxd2+ 15. Kxd2 Nb6 16. b3 Bd7 17. g4 Ke7 18. Rhg1 Nb4 19. Bb1 Rac8 20. a3 Nc6 21. Rc3 Na5 22. Rgc1 Rxc3 23. Rxc3 Rc8 24. Ne1 Bb5 25. Nd3 Rxc3 26. Kxc3 f6 27. f4 fxe5 28. dxe5 Nd7 29. Nd4 Bxd3 30. Bxd3 Nb8 31. f5 Nac6 32. Nxe6 Nxe5 33. Be2 Kf6 34. Kd4 Nbc6+ 35. Kxd5 Ne7+ 36. Kd6 N7c6 37. Kc7 b5 38. Kb6 Nb8 39. Kb7 Nbc6 40. Kxa6 b4 41. a4 Nd7 42. Kb5 Ndb8 43. a5 Na7+ 44. Kb6 Nac6 45. a6 Nxa6 46. Kxc6 Nb8+ 47. Kc7 Ke5 48. Kxb8 Ke4 49. Nxg7 Ke5 50. Ne8 Kd5 51. f6 Ke6 52. Bc4+ Kd7 53. Ng7 Kd6 54. Nf5+ Ke5 55. f7 Kf4 56. f8Q Kxg4 57. Qxh6 Kxf5 58. Qg6+ Kf4 59. h6 Kf3 60. h7 Kf4 61. h8Q Kf3 62. Qh3+ Kf4 63. Qgf5# 1-0